000 00725nam a2200277Ia 4500
003 OSt
005 20221005093447.0
006 a|||||r|||| 00| 0
007 ta
008 221004b |||||||| |||| 00| 0 eng d
020 _a0471589667
024 _a25743
037 _cTextual
040 _aCRL
_cCRL
_beng
041 _2eng
_aeng
082 _aL11:1:411, N4
100 _aFreshney R Ian
_9464673
245 0 _aCulture of animal cells
_b A manual of basic technique
250 _aEd 3
260 _aNew York
_bWiley-Liss
_c1994
300 _a486p.
_ccm.
650 _a CELLS
_9550594
650 _aPLANTS
942 _hL11:1:411, N4
_cTEXL
_2cc
999 _c1000378
_d1000378